000
00352nam a2200157Ia 4500
003
OSt
005
20240130113848.0
008
170524s9999 xx 000 0 und d
020
_a
9388818938
040
_c
iimtu
100
_a
Chauhan D. S.
245
0
_a
Non- Convenentional Energy Resources
260
_b
New Age
260
_c
2012
942
_2
ddc
_c
02
999
_c
6061
_d
6061